00535 a2200169 45000010006000000050017000060080041000230030015000640400040000790800040001192450064001592640043002233000019002660410008002851000031002937000041003246213220260407155915.0260407a1945 arg spa dAR-UNSa-BCEJYS aAR-UNSa-BCEJYSbspacAR-UNSa-BCEJYS a349.22:331.106xContrato de trabajo10aEl contrato de trabajopen el derecho argentino y comparado 1aBuenos Aires :bImprenta Lópezc1945 a622 p.c23 cm. aspa1 aGarcia Martinez, Francisco1 aGarcía Martínez, Julio Argentino